00708nam a2200181 a 4500003000200000005001700002008004100019050002900060100002900089245014500118260009000263300002300353504004100376650001800417650002600435650004000461650002500501020250314110248.0080923s19uu xx 00 eng d aPHS LB 1049b.Sa252 2008 aSasaki, Nina Beatrice A. aStudy habits and academic performance of first and last born senior students of S.I.S.C. academic year 2007-2008 /cNina Beatrice A. Sasaki. aLas Piñas City, Philippines :bSouthville International School and Colleges,c2008. a37 pages ;c28 cm. aIncludes bibliographical references. aStudy skills. aAcademic achievement. aBirth orderxPsychological aspects. aStudent achievement.